000 00425nam a2200133Ia 4500
008 220217s9999 xx 000 0 und d
100 _aThomas Mathew
245 2 _aA Study of the microflora associated with two rubber clones and their beneficial roles
260 _bMahatma Gandhi University
_a Kottayam
_c2000
500 _aAvailable in Pathology
500 _aCourse: M.Sc.
700 _aDr C Kuruvilla Jacob
942 _cTS
999 _c74280
_d74280